Normalizácia štatistických metód v stratégii šesť sigma

Prezentácia dôležitosti normalizácie štatistických metód na medzinárodnej úrovni. Činnosť medzinárodnej komisie ISO/TC 69 v oblasti štatistických noriem ISO, jej štruktúra a spolupráca s inými TC.

Uložené v:
Podrobná bibliografia
Hlavný autor: Janiga, Ivan
Médium: Kapitola
Jazyk:Slovak
Predmet:
Tagy: Pridať tag
Žiadne tagy, Buďte prvý, kto otaguje tento záznam!

MARC

LEADER 00000naa a2200000 4500
001 0145015
005 20220715093151.1
041 0 |a slo 
044 |a SK 
245 1 0 |a Normalizácia štatistických metód v stratégii šesť sigma  |c Ivan Janiga 
520 |a Prezentácia dôležitosti normalizácie štatistických metód na medzinárodnej úrovni. Činnosť medzinárodnej komisie ISO/TC 69 v oblasti štatistických noriem ISO, jej štruktúra a spolupráca s inými TC. 
610 2 0 |a normalizácia 
610 2 0 |a štandardizácia 
610 2 0 |a riadenie kvality 
610 2 0 |a normy ISO 
610 2 0 |a normy kvality 
610 2 0 |a metódy štatistické 
100 1 |a Janiga, Ivan